| 000 | 00765nam a2200253 a 4500 | ||
|---|---|---|---|
| 001 | 63329 | ||
| 003 | BD-RjUL | ||
| 005 | 20211209081201.0 | ||
| 008 | 170129r20081936enk 000 0 eng d | ||
| 020 | _a9781408100035 | ||
| 035 | _a(BD-RjUL)63458 | ||
| 040 |
_aBD-RjUL _beng _cBD-RjUL |
||
| 041 | 1 |
_aeng _hrus |
|
| 082 |
_223 _a792.028 _bSTA 2008 |
||
| 100 | 1 |
_aStanislavsky, Konstantin, _d1863-1938. _9185717 |
|
| 245 | 1 | 3 |
_aAn actor prepares / _cConstantin Stanislavski ; translated by Elizabeth Reynolds Hapgood. |
| 260 |
_aLondon : _bMethuen Drama, _c2008 |
||
| 300 |
_a313 p. ; _c20 cm. |
||
| 650 | 0 |
_aMethod acting _9185384 |
|
| 650 | 0 |
_aActing _9185166 |
|
| 700 | 1 |
_aHapgood, Elizabeth Reynolds. _9188466 |
|
| 942 |
_2ddc _cBK |
||
| 999 |
_c63329 _d63329 |
||